Statistiques concernant Personnalités allemandes par image

Cliquez ici pour prendre le quiz!

Statistiques générales

  • Ce quiz a été pris 6 222 fois
  • Le résultat moyen est 8 sur 16

Statistiques - réponses

Réponse% Correct
Albert Einstein
98%
Angela Merkel
96%
Anne Frank
80%
Ludwig van Beethoven
79%
Karl Lagerfeld
76%
Michael Schumacher
73%
Karl Marx
72%
Martin Luther
48%
Otto von Bismarck
45%
Jean-Sébastien Bach
41%
Friedrich Nietzsche
28%
Claudia Schiffer
27%
Romy Schneider
27%
Boris Becker
20%
Konrad Adenauer
18%
Johann-Wolfgang von Goethe
16%

Distribution des résultats

Percentile par nombre de réponses

% des personnes avec chaque résultat

Votre développement - résultats

Vous n’avez pas pris ce quiz